000 00298nam a2200097Ia 4500
008 230915s9999 xx 000 0 und d
050 _aH62.S56.C.1
100 _aPHILIP CHUNG HO SHUN
245 0 _aHOW TO READ JOURNAL ARTICLES IN THE SOCIAL SCIENCE: A VERY PRACTICAL GUIDE FOR STUDENTS
942 _cBK
999 _c160459
_d160459